000 00658nam a2200241Ia 4500
003 OSt
005 20220924130236.0
006 a|||||r|||| 00| 0
007 ta
008 220923b |||||||| |||| 00| 0 per d
020 _a9789645505422 (hbk)
024 _a328100
037 _cTextual
040 _aARTS
_cARTS
_bper
041 _2per
_aper
082 _aO164,1N63x, M6
100 _aKakai Abdul Jabbar Au.
_9199738
245 0 _aHaq basadai tavist
260 _aTehran
_bNashr taqa Iran
_c1986
650 _aPERSIAN POETRY
942 _hO164,1N63x, M6
_cTEXL
_2CC
999 _c424323
_d424323